[Event "HUN-chT1 Maroczy 2324"]
[Site "Hungary"]
[Date "2023.10.29"]
[Round "3.6"]
[White "Egyed, Judit"]
[Black "Varasdy, Imre"]
[Result "1/2-1/2"]
[WhiteElo "2090"]
[BlackElo "2237"]
[PlyCount "58"]
[EventDate "2023.10.08"]
[EventType "team-tourn"]
[EventRounds "11"]
[EventCountry "HUN"]
[SourceTitle "EXT 2025"]
[Source "ChessBase"]
[SourceDate "2024.10.14"]
[SourceVersion "1"]
[SourceVersionDate "2024.10.14"]
[SourceQuality "1"]
[WhiteTeam "NYVSC"]
[BlackTeam "Neumann Egyetem"]
[WhiteTeamCountry "HUN"]
[BlackTeamCountry "HUN"]

1. e4 c6 2. d3 d5 3. Nd2 e5 4. Ngf3 Qc7 5. g3 Nf6 6. Bg2 h6 7. 0-0 Be6 8. Qe2 Nbd7 9. c3 Bd6 10. Re1 0-0 11. h3 Rfe8 12. g4 Rad8 13. Nh4 Bf8 14. Qf3 Nc5 15. Bf1 Rd7 16. Nf5 Qd8 17. Nb3 a6 18. Nxc5 Bxc5 19. b4 Bf8 20. a3 c5 21. Be2 b5 22. bxc5 Bxc5 23. h4 Bxf5 24. gxf5 dxe4 25. dxe4 Qa8 26. Bd3 Qc6 27. Bc2 Rc7 28. Bb2 a5 29. Kg2 Rd8 1/2-1/2

[Event "HUN-chT1 Maroczy 2324"]
[Site "Hungary"]
[Date "2023.10.08"]
[Round "1.7"]
[White "Varasdy, Imre"]
[Black "Karacsonyi, Kata"]
[Result "0-1"]
[WhiteElo "2237"]
[BlackElo "2152"]
[PlyCount "44"]
[EventDate "2023.10.08"]
[EventType "team-tourn"]
[EventRounds "11"]
[EventCountry "HUN"]
[SourceTitle "EXT 2025"]
[Source "ChessBase"]
[SourceDate "2024.10.14"]
[SourceVersion "1"]
[SourceVersionDate "2024.10.14"]
[SourceQuality "1"]
[WhiteTeam "Neumann Egyetem"]
[BlackTeam "Kobanya Aquarena II"]
[WhiteTeamCountry "HUN"]
[BlackTeamCountry "HUN"]

1. d4 Nf6 2. c4 e6 3. Nf3 d5 4. Nc3 dxc4 5. e3 a6 6. a4 b6 7. Bxc4 Bb7 8. 0-0 Nbd7 9. Qe2 Bb4 10. Rd1 Qe7 11. Ne5 Nxe5 12. dxe5 Bxc3 13. bxc3 Ne4 14. Qg4 0-0 15. Ba3 c5 16. Rac1 f5 17. exf6 Rxf6 18. f3 Rg6 19. Qf4 Rf8 20. Qe5 Ng5 21. Kf2 Nxf3 22. gxf3 Qh4+ 0-1

[Event "HUN-chT1 Maroczy 2223"]
[Site "Hungary"]
[Date "2023.03.12"]
[Round "7.4"]
[White "Farkas, Richard"]
[Black "Varasdy, Imre"]
[Result "1-0"]
[WhiteElo "2256"]
[BlackElo "2257"]
[PlyCount "79"]
[EventDate "2022.11.20"]
[EventType "team-tourn"]
[EventRounds "9"]
[EventCountry "HUN"]
[SourceTitle "EXT 2025"]
[Source "ChessBase"]
[SourceDate "2024.10.14"]
[SourceVersion "1"]
[SourceVersionDate "2024.10.14"]
[SourceQuality "1"]
[WhiteTeam "Budapest Kobanya II"]
[BlackTeam "Kecskemet TLSE"]
[WhiteTeamCountry "HUN"]
[BlackTeamCountry "HUN"]

1. e4 c6 2. d4 d5 3. exd5 cxd5 4. Bd3 Nc6 5. c3 Nf6 6. Bf4 Bg4 7. Qb3 Qc8 8. Nd2 e6 9. Ngf3 Bh5 10. 0-0 Be7 11. Ne5 Bd6 12. Bg3 Qc7 13. f4 0-0 14. Rae1 Rae8 15. Ndf3 Bg6 16. Nxg6 hxg6 17. Ne5 Nh5 18. Bh4 Be7 19. Bxe7 Nxe7 20. g3 Nf6 21. Qd1 Nf5 22. g4 Nd6 23. g5 Nfe4 24. Rf3 Rb8 25. Rh3 Rfd8 26. Qg4 Kf8 27. Bxe4 dxe4 28. Nxg6+ fxg6 29. Qxe6 Nf7 30. Qxg6 Re8 31. Rh7 Re7 32. Rxg7 Ke8 33. Qf5 Kf8 34. Rh7 Kg8 35. Qg6+ Kf8 36. Qf6 Ke8 37. Qf5 Qd7 38. Rxf7 Rxf7 39. Qe5+ Kf8 40. Qh8+ 1-0

[Event "HUN-chT1 Maroczy 2223"]
[Site "Hungary"]
[Date "2022.12.04"]
[Round "2.5"]
[White "Varasdy, Imre"]
[Black "Varga, Marcell"]
[Result "1/2-1/2"]
[WhiteElo "2252"]
[BlackElo "2228"]
[PlyCount "91"]
[EventDate "2022.11.20"]
[EventType "team-tourn"]
[EventRounds "9"]
[EventCountry "HUN"]
[SourceTitle "EXT 2025"]
[Source "ChessBase"]
[SourceDate "2024.10.14"]
[SourceVersion "1"]
[SourceVersionDate "2024.10.14"]
[SourceQuality "1"]
[WhiteTeam "Kecskemet TLSE"]
[BlackTeam "NYVSC"]
[WhiteTeamCountry "HUN"]
[BlackTeamCountry "HUN"]

1. d4 Nf6 2. c4 e6 3. Nf3 b6 4. g3 Ba6 5. b3 Bb4+ 6. Bd2 Be7 7. Bg2 c6 8. 0-0 0-0 9. Bc3 d5 10. Nbd2 Nbd7 11. Re1 c5 12. e4 dxe4 13. Ng5 Bb7 14. Ngxe4 Qc7 15. dxc5 bxc5 16. Qc2 a5 17. Rad1 Bc6 18. Nxf6+ Nxf6 19. Ne4 Nxe4 20. Bxe4 h6 21. Qe2 Rfd8 22. Rxd8+ Bxd8 23. Bxc6 Qxc6 24. Qg4 g6 25. Qf4 Bg5 26. Qe5 Kf8 27. h4 Bd8 28. Qh8+ Ke7 29. Qxh6 Qf3 30. Re3 Qf5 31. Kg2 a4 32. Rf3 Qe4 33. Qg7 Kd6 34. Qxf7 g5 35. hxg5 Bxg5 36. Qg7 Be7 37. Be5+ Kd7 38. Bf6 Re8 39. Qf7 a3 40. Bxe7 Rxe7 41. Qf4 Qb1 42. Qb8 Rh7 43. Qb7+ Kd6 44. Qb6+ Kd7 45. Qb7+ Kd6 46. Qb6+ 1/2-1/2

[Event "HUN-chT1 Maroczy 2122"]
[Site "Hungary"]
[Date "2022.01.30"]
[Round "7.5"]
[White "Varasdy, Imre"]
[Black "Fule, Simon"]
[Result "1-0"]
[WhiteElo "2249"]
[BlackElo "2304"]
[PlyCount "63"]
[EventDate "2021.10.10"]
[EventType "team-tourn"]
[EventRounds "11"]
[EventCountry "HUN"]
[SourceTitle "EXT 2025"]
[Source "ChessBase"]
[SourceDate "2024.10.14"]
[SourceVersion "1"]
[SourceVersionDate "2024.10.14"]
[SourceQuality "1"]
[WhiteTeam "Kecskemet TLSE"]
[BlackTeam "DVTK"]
[WhiteTeamCountry "HUN"]
[BlackTeamCountry "HUN"]

1. d4 Nf6 2. c4 d6 3. Nc3 Nbd7 4. e4 e5 5. Nge2 exd4 6. Nxd4 Nc5 7. f3 a5 8. Be3 Be7 9. Qd2 h5 10. Be2 0-0 11. h3 h4 12. 0-0-0 Be6 13. g4 hxg3 14. Rhg1 Qd7 15. Rxg3 Nh5 16. Rg2 f5 17. f4 Nf6 18. Rdg1 Rf7 19. e5 Nfe4 20. Nxe4 Nxe4 21. Qc2 Bf8 22. Bf3 Nc5 23. Nxe6 Nxe6 24. Bh5 Re7 25. Qxf5 Nc5 26. Qg6 Qe6 27. Qxe6+ Nxe6 28. f5 Nd8 29. e6 a4 30. Bf3 Ra5 31. Bg5 Re8 32. Bh5 1-0

[Event "HUN-chT1 Maroczy 2122"]
[Site "Hungary"]
[Date "2021.12.05"]
[Round "5.5"]
[White "Varasdy, Imre"]
[Black "Anghelus, Alin Gabriel"]
[Result "1/2-1/2"]
[WhiteElo "2239"]
[BlackElo "2222"]
[PlyCount "56"]
[EventDate "2021.10.10"]
[EventType "team-tourn"]
[EventRounds "11"]
[EventCountry "HUN"]
[SourceTitle "EXT 2025"]
[Source "ChessBase"]
[SourceDate "2024.10.14"]
[SourceVersion "1"]
[SourceVersionDate "2024.10.14"]
[SourceQuality "1"]
[WhiteTeam "Kecskemet TLSE"]
[BlackTeam "Nyiregyhaza VSC"]
[WhiteTeamCountry "HUN"]
[BlackTeamCountry "HUN"]

1. d4 d5 2. c4 e6 3. Nf3 a6 4. c5 Nc6 5. Nc3 Be7 6. Bf4 Bf6 7. e3 Nge7 8. Bd3 Ng6 9. Bg3 0-0 10. h4 Re8 11. h5 Nf8 12. Qd2 b6 13. cxb6 cxb6 14. Rc1 Bb7 15. Bb1 e5 16. dxe5 Nxe5 17. Nxe5 Bxe5 18. Bxe5 Rxe5 19. Kf1 Rc8 20. Rd1 Rc4 21. e4 Qf6 22. Nxd5 Bxd5 23. exd5 Rh4 24. Rxh4 Qxh4 25. Kg1 Rxh5 26. f3 Qh1+ 27. Kf2 Qh4+ 28. Kg1 Qh1+ 1/2-1/2

[Event "HUN-chT2 Maroczy 1819"]
[Site "Hungary"]
[Date "2019.03.31"]
[Round "10.5"]
[White "Karacsony, Attila"]
[Black "Varasdy, Imre"]
[Result "1-0"]
[WhiteElo "2260"]
[BlackElo "2286"]
[PlyCount "69"]
[EventDate "2018.09.23"]
[EventType "team-tourn"]
[EventRounds "11"]
[EventCountry "HUN"]
[SourceTitle "EXT 2021"]
[Source "ChessBase"]
[SourceDate "2020.10.23"]
[SourceVersion "1"]
[SourceVersionDate "2020.10.23"]
[SourceQuality "1"]
[WhiteTeam "Budapest Vasas"]
[BlackTeam "Toth Laszlo"]
[WhiteTeamCountry "HUN"]
[BlackTeamCountry "HUN"]

1. e4 g6 2. d4 c6 3. Nc3 d6 4. Be3 Bg7 5. Qd2 Nd7 6. f3 b5 7. g4 Nb6 8. b3 Qc7 9. Rc1 a6 10. Nge2 Bb7 11. Bg2 Rd8 12. h4 h6 13. Rd1 e6 14. f4 Nf6 15. Bf3 d5 16. e5 Nfd7 17. Nb1 f6 18. Qd3 Nf8 19. exf6 Bxf6 20. Kf2 Qe7 21. g5 Bg7 22. h5 hxg5 23. hxg6 Nbd7 24. Ng3 gxf4 25. Bxf4 Rxh1 26. Rxh1 Qf6 27. Nh5 Qxd4+ 28. Be3 Qb2 29. Nxg7+ Qxg7 30. Bh6 Qg8 31. g7 Nh7 32. Qg6+ Ke7 33. Bg5+ Nxg5 34. Qxg5+ Nf6 35. Rh6 1-0

[Event "HUN-chT2 Maroczy 1819"]
[Site "Hungary"]
[Date "2019.01.27"]
[Round "6.4"]
[White "Csiki, Endre"]
[Black "Varasdy, Imre"]
[Result "1/2-1/2"]
[WhiteElo "2217"]
[BlackElo "2286"]
[PlyCount "126"]
[EventDate "2018.09.23"]
[EventType "team-tourn"]
[EventRounds "11"]
[EventCountry "HUN"]
[SourceTitle "EXT 2020"]
[Source "ChessBase"]
[SourceDate "2019.10.17"]
[SourceVersion "1"]
[SourceVersionDate "2019.10.17"]
[SourceQuality "1"]
[WhiteTeam "Kisujszallas"]
[BlackTeam "Toth Laszlo"]
[WhiteTeamCountry "HUN"]
[BlackTeamCountry "HUN"]

1. e4 g6 2. d4 c6 3. Nf3 Bg7 4. Be2 d6 5. 0-0 Bg4 6. Nbd2 Nd7 7. h3 Bxf3 8. Nxf3 Qc7 9. Re1 Ngf6 10. Bf1 e5 11. dxe5 dxe5 12. b3 Rd8 13. Bd3 0-0 14. Ba3 Rfe8 15. Nd2 Bf8 16. Bb2 Bg7 17. Ba3 Bf8 18. Bb2 Bg7 19. Qf3 Nc5 20. Red1 Nxd3 21. cxd3 Nh5 22. Nf1 Nf4 23. Kh2 Rd7 24. g3 Ne6 25. Ne3 Qd8 26. Nc2 Nc5 27. Ne1 Qb6 28. Qe3 Red8 29. Rd2 Nxd3 30. Qxb6 axb6 31. Rad1 Nc5 32. Rxd7 Rxd7 33. Rxd7 Nxd7 34. f3 Nc5 35. Kg2 f6 36. Kf2 Kf7 37. Ke2 Bf8 38. Nd3 Ke6 39. Nxc5+ Bxc5 40. Kd3 b5 41. Bc1 f5 42. Ke2 Bd4 43. Bd2 Kd6 44. Be1 Kc5 45. Kd3 Bb2 46. Bd2 Ba1 47. Be1 Bd4 48. Ke2 fxe4 49. fxe4 Kd6 50. Kd3 Ke6 51. g4 Bb2 52. Bf2 Bc1 53. Be1 Bf4 54. Bf2 Bh2 55. Be1 Bg1 56. Bg3 c5 57. Be1 Kd6 58. Bg3 Bd4 59. Be1 Kc6 60. Bh4 b4 61. Kc4 Be3 62. Kd3 Bf4 63. Kc4 b5+ 1/2-1/2

[Event "HUN-chT2 Maroczy 1718"]
[Site "Hungary"]
[Date "2018.01.28"]
[Round "5.6"]
[White "Varasdy, Imre"]
[Black "Petran, Pal"]
[Result "1/2-1/2"]
[WhiteElo "2269"]
[BlackElo "2297"]
[PlyCount "73"]
[EventDate "2017.10.29"]
[EventType "team-tourn"]
[EventRounds "9"]
[EventCountry "HUN"]
[SourceTitle "EXT 2021"]
[Source "ChessBase"]
[SourceDate "2020.10.23"]
[SourceVersion "1"]
[SourceVersionDate "2020.10.23"]
[SourceQuality "1"]
[WhiteTeam "Toth Laszlo"]
[BlackTeam "Budapest HASE"]
[WhiteTeamCountry "HUN"]
[BlackTeamCountry "HUN"]

1. d4 Nf6 2. c4 e6 3. Nf3 b6 4. g3 Bb7 5. Bg2 Be7 6. Nc3 Ne4 7. Qc2 Nxc3 8. Qxc3 0-0 9. 0-0 c5 10. dxc5 bxc5 11. Bf4 Qb6 12. Rfd1 d6 13. Rd2 Nd7 14. Qb3 Bxf3 15. Bxf3 Rab8 16. Qxb6 Rxb6 17. Rad1 Ne5 18. Bxe5 dxe5 19. Rd7 Bg5 20. h4 Bf6 21. Rxa7 Rxb2 22. e3 Rc2 23. a4 Rxc4 24. a5 e4 25. Be2 Rc2 26. Bb5 c4 27. Bc6 Ra2 28. Bxe4 Bd8 29. Ra8 Be7 30. Ra7 Bc5 31. Rc7 Rxa5 32. Rc1 Bd6 33. R7xc4 g6 34. Rd1 Be5 35. Rd7 h5 36. Rb4 Bf6 37. Rbb7 1/2-1/2

[Event "HUN-chT2 Maroczy 1718"]
[Site "Hungary"]
[Date "2017.11.26"]
[Round "2.5"]
[White "Varasdy, Imre"]
[Black "Bodi, Tibor"]
[Result "0-1"]
[WhiteElo "2269"]
[BlackElo "2174"]
[PlyCount "156"]
[EventDate "2017.10.29"]
[EventType "team-tourn"]
[EventRounds "9"]
[EventCountry "HUN"]
[SourceTitle "EXT 2021"]
[Source "ChessBase"]
[SourceDate "2020.10.23"]
[SourceVersion "1"]
[SourceVersionDate "2020.10.23"]
[SourceQuality "1"]
[WhiteTeam "Toth Laszlo"]
[BlackTeam "Budapest Kobanya II"]
[WhiteTeamCountry "HUN"]
[BlackTeamCountry "HUN"]

1. d4 f5 2. g3 Nf6 3. Bg2 g6 4. Nf3 Bg7 5. 0-0 0-0 6. c4 d6 7. Nc3 Qe8 8. d5 c5 9. Qc2 Na6 10. Rb1 Nc7 11. a4 Na6 12. b3 Nb4 13. Qd2 a6 14. Bb2 h6 15. Ne1 Bd7 16. Nd3 b5 17. axb5 axb5 18. Nf4 bxc4 19. bxc4 Qf7 20. Ne6 Bxe6 21. dxe6 Qxe6 22. Bxa8 Rxa8 23. Qf4 Rb8 24. Nb5 g5 25. Qc1 Qf7 26. f3 Qe6 27. Kf2 Rf8 28. Nc7 Qf7 29. Rd1 f4 30. Kg2 g4 31. Bxf6 gxf3+ 32. exf3 Qxf6 33. Qxf4 Qxf4 34. gxf4 Rxf4 35. Re1 Be5 36. Re4 Rf5 37. Rb3 Kf7 38. Ra3 Nc2 39. Ra7 Nb4 40. h4 h5 41. Rb7 Rf6 42. Kf2 Rg6 43. f4 Bf6 44. f5 Rg8 45. Ne6 Be5 46. Kf1 Kf6 47. Re2 Kxf5 48. Ng5 Bf6 49. Rf2+ Ke5 50. Re2+ Kd4 51. Re4+ Kd3 52. Rf4 Ra8 53. Kg2 Ra2+ 54. Kf3 Ra3 55. Kg2 Ra1 56. Nh7 Be5 57. Rf3+ Kxc4 58. Rxe7 Nd3 59. Rf1 Ra2+ 60. Kf3 Rh2 61. Ke4 Rxh4+ 62. Kf5 Kd5 63. Rd1 c4 64. Nf6+ Bxf6 65. Kxf6 Kd4 66. Rd7 d5 67. Kg5 Rh3 68. Rf1 c3 69. Rf5 Ne5 70. Rf4+ Kc5 71. Rc7+ Kd6 72. Rc8 Nc4 73. Rf6+ Ke5 74. Rf5+ Kd4 75. Rd8 Ne3 76. Rf4+ Kd3 77. Kf6 c2 78. Rc8 Rh1 0-1

[Event "HUN-chT2 Maroczy 1516"]
[Site "Hungary"]
[Date "2016.02.28"]
[Round "6.5"]
[White "Kahn, Evarth"]
[Black "Varasdy, Imre"]
[Result "1/2-1/2"]
[WhiteElo "2248"]
[BlackElo "2276"]
[PlyCount "84"]
[EventDate "2015.10.18"]
[EventType "team-tourn"]
[EventRounds "9"]
[EventCountry "HUN"]
[SourceTitle "EXT 2017"]
[Source "ChessBase"]
[SourceDate "2016.10.25"]
[SourceVersion "1"]
[SourceVersionDate "2016.10.25"]
[SourceQuality "1"]
[WhiteTeam "Szigetszentmiklos"]
[BlackTeam "Toth Laszlo"]
[WhiteTeamCountry "HUN"]
[BlackTeamCountry "HUN"]

1. d4 Nf6 2. c4 e6 3. Nc3 Bb4 4. Qc2 c5 5. dxc5 0-0 6. Nf3 Bxc5 7. Bg5 Be7 8. e4 d6 9. Be2 a6 10. 0-0 Qc7 11. Rfd1 b6 12. Rd2 h6 13. Bf4 Nbd7 14. Rad1 e5 15. Be3 Bb7 16. Ne1 Rfc8 17. f3 Bc6 18. Nd3 b5 19. cxb5 Bxb5 20. Qb1 Nb6 21. Nxb5 axb5 22. Nb4 Nc4 23. Bxc4 Qxc4 24. a3 Qc7 25. Nd5 Nxd5 26. Rxd5 Qc4 27. Qd3 b4 28. axb4 Qxb4 29. Rb5 Qc4 30. Qxc4 Rxc4 31. Rb7 Bg5 32. Bxg5 hxg5 33. Rxd6 Rc2 34. h3 Ra1+ 35. Kh2 Rf1 36. Rd5 Kh7 37. Rxf7 Rff2 38. Rdd7 Rxg2+ 39. Kh1 Rh2+ 40. Kg1 Rhg2+ 41. Kf1 Rcf2+ 42. Ke1 Rxb2 1/2-1/2

[Event "HUN-chT2 Maroczy 1516"]
[Site "Hungary"]
[Date "2015.11.08"]
[Round "2.6"]
[White "Varasdy, Imre"]
[Black "Somogyi, Istvan"]
[Result "1/2-1/2"]
[WhiteElo "2276"]
[BlackElo "2165"]
[PlyCount "90"]
[EventDate "2015.10.18"]
[EventType "team-tourn"]
[EventRounds "9"]
[EventCountry "HUN"]
[SourceTitle "CBM 170 Extra"]
[Source "ChessBase"]
[SourceDate "2016.02.25"]
[SourceVersion "1"]
[SourceVersionDate "2016.02.25"]
[SourceQuality "1"]
[WhiteTeam "Toth Laszlo"]
[BlackTeam "MLTC"]
[WhiteTeamCountry "HUN"]
[BlackTeamCountry "HUN"]

1. d4 Nf6 2. c4 e6 3. Nf3 b6 4. g3 Bb7 5. Bg2 Be7 6. Nc3 0-0 7. 0-0 c5 8. d5 exd5 9. cxd5 d6 10. e4 Nbd7 11. Re1 Re8 12. h3 a6 13. a4 Bf8 14. Nd2 Rb8 15. Nc4 Ba8 16. Na3 Qc7 17. Qd3 c4 18. Qd4 Ne5 19. Rd1 Rec8 20. Bg5 Nfd7 21. f4 Nd3 22. Rd2 h6 23. Bh4 g6 24. Nxc4 Nxb2 25. Nxb2 Bg7 26. Qd3 Bxc3 27. Rc2 Qc5+ 28. Kh2 Qb4 29. Rb1 Bg7 30. Qd1 Rc3 31. Nd3 Qd4 32. Rd2 Qc4 33. Be7 Qc7 34. Qe2 Re8 35. Bh4 Bxd5 36. Nb4 Bc4 37. Qd1 Nc5 38. Rxd6 Nxe4 39. Rd7 Qc8 40. Bxe4 Rxe4 41. Rd8+ Qxd8 42. Qxd8+ Kh7 43. Bf6 Re2+ 44. Kh1 Rxg3 45. Bxg7 Rxh3+ 1/2-1/2

[Event "HUN-chT2 Maroczy 1415"]
[Site "Hungary"]
[Date "2014.10.12"]
[Round "1"]
[White "Varasdy, Imre"]
[Black "Papp Zoltan, Csaba"]
[Result "1-0"]
[WhiteElo "2308"]
[BlackElo "2272"]
[PlyCount "87"]
[EventDate "2014.10.12"]
[EventType "team-tourn"]
[EventRounds "9"]
[EventCountry "HUN"]
[SourceTitle "EXT 2016"]
[Source "ChessBase"]
[SourceDate "2015.10.08"]
[SourceVersion "1"]
[SourceVersionDate "2015.10.08"]
[SourceQuality "1"]
[WhiteTeam "TLSE"]
[BlackTeam "Maroczy"]
[WhiteTeamCountry "HUN"]
[BlackTeamCountry "HUN"]

1. d4 d6 2. e4 e5 3. dxe5 dxe5 4. Qxd8+ Kxd8 5. f4 Nf6 6. fxe5 Nxe4 7. Nd2 Bf5 8. Bd3 Nxd2 9. Bxf5 Nc4 10. Bg5+ Be7 11. 0-0-0+ Ke8 12. Bf4 g5 13. Bg3 Na6 14. Bd7+ Kf8 15. Bb5 Ne3 16. Rd7 Nc5 17. Rxc7 Rd8 18. Nf3 Nd5 19. Rxe7 Kxe7 20. Nxg5 a6 21. Be2 Rdg8 22. Bh4 Ne6 23. Ne4+ Kf8 24. Nf6 Nxf6 25. Bxf6 Rxg2 26. Bf3 Rhg8 27. Bxg2 Rxg2 28. h4 h5 29. Rd1 Kg8 30. b3 Rg4 31. Rd7 Rb4 32. c4 Rb6 33. Kc2 a5 34. Kc3 Nc5 35. Rd8+ Kh7 36. Be7 Ne4+ 37. Kd4 Ng3 38. Bf6 Ne2+ 39. Ke3 Nc3 40. Kf4 Kg6 41. Rg8+ Kh7 42. Rg7+ Kh6 43. Rxf7 Nxa2 44. Kf5 1-0

[Event "HUN-chT2 Maroczy 1314"]
[Site "Hungary"]
[Date "2014.03.02"]
[Round "8"]
[White "Koczo, Kristof"]
[Black "Varasdy, Imre"]
[Result "1-0"]
[WhiteElo "2265"]
[BlackElo "2342"]
[PlyCount "61"]
[EventDate "2013.09.08"]
[EventType "team-tourn"]
[EventRounds "11"]
[EventCountry "HUN"]
[SourceTitle "EXT 2016"]
[Source "ChessBase"]
[SourceDate "2015.10.08"]
[SourceVersion "1"]
[SourceVersionDate "2015.10.08"]
[SourceQuality "1"]
[WhiteTeam "Budapest Kobanya"]
[BlackTeam "Toth Laszlo"]
[WhiteTeamCountry "HUN"]
[BlackTeamCountry "HUN"]

1. d4 Nf6 2. c4 e6 3. Nc3 Bb4 4. e3 c5 5. Nge2 b6 6. a3 Ba5 7. Rb1 Na6 8. f3 0-0 9. d5 exd5 10. cxd5 b5 11. e4 Re8 12. Kf2 b4 13. axb4 cxb4 14. Na4 d6 15. Nd4 Bb6 16. Nxb6 Qxb6 17. Be3 Nc5 18. Bb5 Bd7 19. Bxd7 Nfxd7 20. Nc6 f5 21. exf5 Qb5 22. Qd4 Ne5 23. Nxe5 Rxe5 24. Rbd1 Rxf5 25. Rhe1 Re8 26. Kg1 Rfe5 27. Bf2 a5 28. Rxe5 Rxe5 29. Bg3 Nb3 30. Qa7 Re8 31. Qc7 1-0

[Event "HUN-chT2 Maroczy 1314"]
[Site "Hungary"]
[Date "2014.02.02"]
[Round "6"]
[White "Varasdy, Imre"]
[Black "Mokcsay, Robert"]
[Result "0-1"]
[WhiteElo "2342"]
[BlackElo "2277"]
[PlyCount "60"]
[EventDate "2013.09.08"]
[EventType "team-tourn"]
[EventRounds "11"]
[EventCountry "HUN"]
[SourceTitle "EXT 2016"]
[Source "ChessBase"]
[SourceDate "2015.10.08"]
[SourceVersion "1"]
[SourceVersionDate "2015.10.08"]
[SourceQuality "1"]
[WhiteTeam "Toth Laszlo"]
[BlackTeam "Penzugyor II"]
[WhiteTeamCountry "HUN"]
[BlackTeamCountry "HUN"]

1. d4 d5 2. c4 c6 3. Nf3 Nf6 4. Nc3 a6 5. c5 b5 6. cxb6 Nbd7 7. Na4 Nxb6 8. Ne5 Qd6 9. Nxb6 Qb4+ 10. Bd2 Qxb6 11. Qa4 Bd7 12. Rc1 Ne4 13. Nxd7 Kxd7 14. Bb4 a5 15. Ba3 e6 16. f3 Bb4+ 17. Bxb4 axb4 18. Qb3 Nd6 19. e3 Qa5 20. Bd3 Qxa2 21. Qxb4 Rhb8 22. Qc3 Rb6 23. 0-0 Qxb2 24. Rc2 Qxc3 25. Rxc3 Ra2 26. Rfc1 Rbb2 27. Bf1 Nc4 28. Kh1 Na5 29. h4 f6 30. Kh2 Nb3 0-1

[Event "HUN-chT2 Maroczy 1314"]
[Site "Hungary"]
[Date "2013.11.03"]
[Round "4"]
[White "Varasdy, Imre"]
[Black "Varadi, Viktor"]
[Result "1/2-1/2"]
[WhiteElo "2342"]
[BlackElo "2391"]
[PlyCount "93"]
[EventDate "2013.09.08"]
[EventType "team-tourn"]
[EventRounds "11"]
[EventCountry "HUN"]
[SourceTitle "EXT 2016"]
[Source "ChessBase"]
[SourceDate "2015.10.08"]
[SourceVersion "1"]
[SourceVersionDate "2015.10.08"]
[SourceQuality "1"]
[WhiteTeam "Toth Laszlo"]
[BlackTeam "Debrecen SBK"]
[WhiteTeamCountry "HUN"]
[BlackTeamCountry "HUN"]

1. d4 Nf6 2. c4 e6 3. Nf3 b6 4. g3 Bb7 5. Bg2 Bb4+ 6. Bd2 a5 7. 0-0 0-0 8. Nc3 Na6 9. a3 Bxc3 10. Bxc3 Qe7 11. Qc2 Be4 12. Qd2 d5 13. cxd5 exd5 14. b4 axb4 15. axb4 c6 16. Bh3 Bxf3 17. exf3 Nc7 18. Qe3 Qd6 19. Qe5 Nb5 20. Bd2 Rfe8 21. Rxa8 Rxa8 22. Rc1 Ne8 23. Qxd6 Nexd6 24. Rxc6 Nc4 25. Be3 Kf8 26. Bf1 Na7 27. Rc7 Nb5 28. Rd7 Ra1 29. Rxd5 Nc3 30. Rd8+ Ke7 31. Rc8 Nxe3 32. fxe3 Nd1 33. Bh3 Nxe3+ 34. Kf2 Nd5 35. f4 Ra2+ 36. Kg1 Ra1+ 37. Kf2 Ra2+ 38. Kg1 Rb2 39. Bg2 Rb1+ 40. Kf2 Rb2+ 41. Kg1 Ne3 42. Bf3 Rxb4 43. Rc7+ Kf8 44. d5 Rd4 45. Kf2 Nc4 46. Rb7 Ke8 47. Rb8+ 1/2-1/2

[Event "HUN-chT 1213"]
[Site "Hungary"]
[Date "2013.02.17"]
[Round "7"]
[White "Grimm, Daniel"]
[Black "Varasdy, Imre"]
[Result "1/2-1/2"]
[WhiteElo "2151"]
[BlackElo "2336"]
[PlyCount "70"]
[EventDate "2012.09.16"]
[EventType "team-tourn"]
[EventRounds "9"]
[EventCountry "HUN"]
[SourceTitle "EXT 2014"]
[Source "ChessBase"]
[SourceDate "2013.11.20"]
[SourceVersion "1"]
[SourceVersionDate "2013.11.20"]
[SourceQuality "1"]
[WhiteTeam "BEAC"]
[BlackTeam "Toth Laszlo"]
[WhiteTeamCountry "HUN"]
[BlackTeamCountry "HUN"]

1. e4 g6 2. d4 c6 3. c4 d6 4. Nc3 Bg7 5. Be3 a6 6. Qd2 b5 7. f3 Nd7 8. Rc1 Ngf6 9. b3 Qa5 10. Nh3 bxc4 11. bxc4 c5 12. d5 Ne5 13. Nf2 Rb8 14. Be2 Rb4 15. Ncd1 Qa4 16. Qc2 0-0 17. 0-0 Qxc2 18. Rxc2 Bd7 19. Bd2 Rb7 20. Nc3 Rfb8 21. h3 Be8 22. f4 Ned7 23. g4 Nb6 24. g5 Nfd7 25. Rb1 Nc8 26. Rxb7 Rxb7 27. Nfd1 h6 28. h4 hxg5 29. hxg5 f6 30. gxf6 Bxf6 31. Rb2 Bd4+ 32. Kg2 Rxb2 33. Nxb2 Nf6 34. Bd3 Kg7 35. Nbd1 Bd7 1/2-1/2

[Event "HUN-chT 1213"]
[Site "Hungary"]
[Date "2012.12.02"]
[Round "5"]
[White "Varasdy, Imre"]
[Black "Tatar Kis, Szabolcs"]
[Result "0-1"]
[WhiteElo "2336"]
[BlackElo "2370"]
[PlyCount "52"]
[EventDate "2012.09.16"]
[EventType "team-tourn"]
[EventRounds "9"]
[EventCountry "HUN"]
[SourceTitle "EXT 2014"]
[Source "ChessBase"]
[SourceDate "2013.11.20"]
[SourceVersion "1"]
[SourceVersionDate "2013.11.20"]
[SourceQuality "1"]
[WhiteTeam "Toth Laszlo"]
[BlackTeam "Penzugyor"]
[WhiteTeamCountry "HUN"]
[BlackTeamCountry "HUN"]

1. d4 Nf6 2. c4 g6 3. Nc3 Bg7 4. e4 d6 5. f3 0-0 6. Be3 a6 7. Qd2 Nc6 8. Nge2 Rb8 9. Rc1 Bd7 10. Bh6 Bxh6 11. Qxh6 b5 12. cxb5 axb5 13. h4 e5 14. h5 Qe7 15. g4 Nxd4 16. Bg2 b4 17. Nxd4 bxc3 18. Nb3 cxb2 19. Rb1 c5 20. Bf1 Be6 21. Qe3 c4 22. Nd2 d5 23. exd5 Nxd5 24. Qh6 c3 25. Nc4 g5 26. Bd3 f6 0-1

[Event "HUN-chT2 Toth 0405"]
[Site "Hungary"]
[Date "2005.03.06"]
[Round "9"]
[White "Tompa, Janos"]
[Black "Varasdy, Imre"]
[Result "1-0"]
[WhiteElo "2392"]
[BlackElo "2350"]
[PlyCount "93"]
[EventDate "2004.09.26"]
[EventType "team-tourn"]
[EventRounds "11"]
[EventCountry "HUN"]
[SourceTitle "EXT 2009"]
[Source "ChessBase"]
[SourceDate "2008.11.26"]
[SourceVersion "1"]
[SourceVersionDate "2008.11.26"]
[SourceQuality "1"]
[WhiteTeam "Bege"]
[BlackTeam "Takisz"]
[WhiteTeamCountry "HUN"]
[BlackTeamCountry "HUN"]

1. e4 g6 2. d4 c6 3. Nc3 d6 4. Nf3 Bg7 5. Be2 Bg4 6. 0-0 Nd7 7. h3 Bxf3 8. Bxf3 Ngf6 9. Qe2 Qc7 10. Bg5 0-0 11. Rad1 Rfe8 12. Rd2 e5 13. dxe5 dxe5 14. Qc4 Nb6 15. Qc5 Qe7 16. Qxe7 Rxe7 17. Rd6 Nbd7 18. Rfd1 h6 19. Be3 Nb6 20. Be2 Rd7 21. a4 Rxd6 22. Rxd6 Nbd7 23. f3 Bf8 24. Rd1 Bc5 25. Kf2 Kf8 26. Nb1 Ke7 27. Nd2 Bxe3+ 28. Kxe3 Nc5 29. Nc4 Nfd7 30. a5 b5 31. axb6 axb6 32. b4 Na4 33. Ra1 b5 34. Na5 Rc8 35. Nxc6+ Rxc6 36. Bxb5 Rxc2 37. Rxa4 Nf8 38. Ra7+ Kf6 39. Be8 Ne6 40. Rxf7+ Kg5 41. g3 h5 42. f4+ exf4+ 43. gxf4+ Kh4 44. Rf6 Nc7 45. Bd7 Rb2 46. Rxg6 Rxb4 47. f5 1-0